Music Quiz

Random Music or Clickable Quiz
Score 0/14 Timer 02:00
0 Plays Today
% Correct
Drum
94.8%
Guitar
94.2%
Harp
93.8%
Saxophone
93.4%
Maracas
93.1%
Cymbals
92%
Violin
91.7%
% Correct
Piano
91.4%
Panpipes
89.6%
Harmonica
88.7%
Recorder
87.4%
Cello
86.7%
Bandoneon
84%
Accordion
59%
Remove Ads.
Support Sporcle.
Get the best of Sporcle when you Go Orange. This ad-free experience offers more features, more stats, and more fun while also helping to support Sporcle. Thank you for becoming a member.

You're not logged in!

Compare scores with friends on all Sporcle quizzes.
OR
Log In

Show Comments

Extras

Top Quizzes Today


Score Distribution

Your Account Isn't Verified!

In order to create a playlist on Sporcle, you need to verify the email address you used during registration. Go to your Sporcle Settings to finish the process.

Report this User

Report this user for behavior that violates our Community Guidelines.

Details: